[Event "CP-2016-P-00020"]
[Site "LSS email"]
[Date "2016.09.27"]
[Round "?"]
[White "Mason, Ian C"]
[Black "Schild, Reinhard"]
[Result "1/2-1/2"]
[WhiteElo "2246"]
[BlackElo "2045"]
[PlyCount "66"]
[EventDate "2016.10.01"]
[EventType "tourn (corr)"]
[EventRounds "6"]
[EventCountry "GER"]
[SourceTitle "Corr 2022"]
[Source "ChessBase"]
[SourceDate "2021.10.24"]
[SourceVersion "1"]
[SourceVersionDate "2021.10.24"]
[SourceQuality "1"]

1. d4 d5 2. Bf4 Nf6 3. e3 Nc6 4. c3 Bg4 5. Nf3 e6 6. Nbd2 Bd6 7. Bg3 0-0 8. Bd3 Re8 9. Qc2 e5 10. dxe5 Nxe5 11. Bxe5 Bxe5 12. h3 Bxf3 13. Nxf3 c5 14. 0-0 Qc7 15. Rad1 Rad8 16. Be2 a6 17. Nxe5 Qxe5 18. Bf3 b6 19. Qa4 a5 20. Qb5 Rd6 21. c4 dxc4 22. Rxd6 Qxd6 23. Qxc4 Qe5 24. Qb3 Qe6 25. Qb5 Rd8 26. Rd1 Rd6 27. Rxd6 Qxd6 28. g4 h6 29. a4 Kf8 30. Kf1 g5 31. Qc6 Qxc6 32. Bxc6 Ke7 33. Bb5 Ne4 1/2-1/2

[Event "CP-2016-P-00020"]
[Site "LSS email"]
[Date "2016.09.27"]
[Round "?"]
[White "Montoro, Gustavo Ernesto"]
[Black "Mason, Ian C"]
[Result "1/2-1/2"]
[WhiteElo "1892"]
[BlackElo "2246"]
[PlyCount "39"]
[EventDate "2016.10.01"]
[EventType "tourn (corr)"]
[EventRounds "6"]
[EventCountry "GER"]
[SourceTitle "Corr 2022"]
[Source "ChessBase"]
[SourceDate "2021.10.24"]
[SourceVersion "1"]
[SourceVersionDate "2021.10.24"]
[SourceQuality "1"]

1. e4 c5 2. f4 d5 3. exd5 Nf6 4. Bb5+ Nbd7 5. c4 a6 6. Bxd7+ Bxd7 7. Nf3 e6 8. dxe6 Bxe6 9. d3 Bd6 10. 0-0 0-0 11. Nc3 Re8 12. Re1 Bf5 13. Rxe8+ Qxe8 14. Nh4 Bd7 15. Bd2 Bc6 16. Qf1 Qd7 17. Re1 Rd8 18. Nd1 b5 19. Nf2 Bc7 20. b3 1/2-1/2

[Event "BI-2016-F-0000"]
[Site "LSS email"]
[Date "2016.02.14"]
[Round "?"]
[White "Boni, Roberto"]
[Black "Mason, Ian C"]
[Result "1/2-1/2"]
[WhiteElo "1781"]
[BlackElo "2250"]
[PlyCount "80"]
[EventDate "2016.02.20"]
[EventType "tourn (corr)"]
[EventRounds "10"]
[EventCountry "GER"]
[SourceTitle "Corr 2022"]
[Source "ChessBase"]
[SourceDate "2021.10.24"]
[SourceVersion "1"]
[SourceVersionDate "2021.10.24"]
[SourceQuality "1"]

1. c4 Nf6 2. d4 e6 3. Nf3 d5 4. Nc3 c6 5. Bg5 h6 6. Bxf6 Qxf6 7. e3 g6 8. Bd3 Bg7 9. 0-0 0-0 10. e4 dxe4 11. Nxe4 Qd8 12. c5 Bxd4 13. Nxd4 Qxd4 14. Qc2 Nd7 15. Rfd1 Qg7 16. Nd6 Nf6 17. a4 Rd8 18. a5 Rb8 19. Ra3 Nd5 20. Bc4 Bd7 21. Rf3 Be8 22. Qe2 b6 23. Bxd5 cxd5 24. Nxe8 Rxe8 25. cxb6 axb6 26. a6 b5 27. Ra3 b4 28. Ra4 Rec8 29. h4 Qf6 30. h5 gxh5 31. Qxh5 Kh7 32. Qg4 Rc2 33. Qg3 Ra8 34. Rxb4 Rxa6 35. Qd3+ Qf5 36. Qxf5+ exf5 37. Rf4 Rxb2 38. Rxd5 Rf6 39. Rdxf5 Rxf5 40. Rxf5 Kg6 1/2-1/2

[Event "BI-2016-F-0000"]
[Site "LSS email"]
[Date "2016.02.14"]
[Round "?"]
[White "Mason, Ian C"]
[Black "Jordan, Juergen"]
[Result "1/2-1/2"]
[WhiteElo "2250"]
[BlackElo "2173"]
[PlyCount "83"]
[EventDate "2016.02.20"]
[EventType "tourn (corr)"]
[EventRounds "10"]
[EventCountry "GER"]
[SourceTitle "Corr 2022"]
[Source "ChessBase"]
[SourceDate "2021.10.24"]
[SourceVersion "1"]
[SourceVersionDate "2021.10.24"]
[SourceQuality "1"]

1. d4 Nf6 2. c4 g6 3. g3 Bg7 4. Bg2 0-0 5. Nf3 d5 6. cxd5 Nxd5 7. 0-0 Nb6 8. Nc3 Nc6 9. e3 Re8 10. Re1 a5 11. Qe2 Be6 12. Nd2 Nb4 13. Rd1 c6 14. a3 N4d5 15. Nce4 Bf5 16. Nc5 e5 17. dxe5 Qe7 18. Nd3 Bxd3 19. Qxd3 Qxe5 20. Nf3 Qe7 21. Qc2 a4 22. Ne1 Nf6 23. Bd2 Ne4 24. Bb4 Qe6 25. Nd3 Nd5 26. Be1 h5 27. Rac1 Bf8 28. Nf4 Nxf4 29. exf4 h4 30. gxh4 Nf6 31. Bc3 Bg7 32. Qd3 Nh5 33. f5 gxf5 34. Qf3 Bxc3 35. Rxc3 Ng7 36. Rcd3 Qf6 37. Rd7 Qxb2 38. Kh1 Rab8 39. Qg3 Qf6 40. R7d6 Qe5 41. R6d4 c5 42. Rxa4 1/2-1/2

[Event "BI-2016-F-0000"]
[Site "LSS email"]
[Date "2016.02.14"]
[Round "?"]
[White "Weiss, Lester"]
[Black "Mason, Ian C"]
[Result "0-1"]
[WhiteElo "2036"]
[BlackElo "2250"]
[PlyCount "26"]
[EventDate "2016.02.20"]
[EventType "tourn (corr)"]
[EventRounds "10"]
[EventCountry "GER"]
[SourceTitle "Corr 2022"]
[Source "ChessBase"]
[SourceDate "2021.10.24"]
[SourceVersion "1"]
[SourceVersionDate "2021.10.24"]
[SourceQuality "1"]

1. c4 Nf6 2. Nc3 e6 3. e4 d5 4. cxd5 exd5 5. e5 Ne4 6. d4 Bb4 7. Qa4+ Nc6 8. Bb5 0-0 9. Bxc6 a5 10. Nge2 bxc6 11. 0-0 Ba6 12. Rd1 c5 13. Nxe4 Bxe2 0-1

[Event "BI-2015-P-0000"]
[Site "LSS email"]
[Date "2015.04.16"]
[Round "?"]
[White "Mason, Ian C"]
[Black "Cvak, Rudolf"]
[Result "1/2-1/2"]
[WhiteElo "2244"]
[BlackElo "1921"]
[PlyCount "78"]
[EventDate "2015.04.22"]
[EventType "tourn (corr)"]
[EventRounds "10"]
[EventCountry "GER"]
[SourceTitle "Corr 2022"]
[Source "ChessBase"]
[SourceDate "2021.10.24"]
[SourceVersion "1"]
[SourceVersionDate "2021.10.24"]
[SourceQuality "1"]

1. d4 e6 2. c4 d5 3. Nf3 c6 4. e3 Nf6 5. Nc3 Nbd7 6. Qc2 Bd6 7. Bd3 dxc4 8. Bxc4 b5 9. Bd3 Bb7 10. 0-0 a6 11. e4 e5 12. Rd1 0-0 13. h3 Qc7 14. Be3 exd4 15. Nxd4 c5 16. Nf5 Bh2+ 17. Kh1 Be5 18. Nd5 Bxd5 19. Ne7+ Kh8 20. Nxd5 Nxd5 21. exd5 c4 22. Be2 Rad8 23. a4 Nc5 24. axb5 axb5 25. g3 Rfe8 26. Kg2 Kg8 27. Ra2 g6 28. Ra3 Rb8 29. h4 b4 30. d6 Bxd6 31. Bxc5 Qxc5 32. Ra6 c3 33. Raxd6 b3 34. Qxc3 Qxc3 35. bxc3 Rxe2 36. Rd8+ Rxd8 37. Rxd8+ Kg7 38. Rb8 b2 39. Rb6 Kf8 1/2-1/2

[Event "BI-2015-P-0000"]
[Site "LSS email"]
[Date "2015.04.16"]
[Round "?"]
[White "Mason, Ian C"]
[Black "Hammerschmidt, Volker"]
[Result "1/2-1/2"]
[WhiteElo "2244"]
[BlackElo "2046"]
[PlyCount "63"]
[EventDate "2015.04.22"]
[EventType "tourn (corr)"]
[EventRounds "10"]
[EventCountry "GER"]
[SourceTitle "Corr 2022"]
[Source "ChessBase"]
[SourceDate "2021.10.24"]
[SourceVersion "1"]
[SourceVersionDate "2021.10.24"]
[SourceQuality "1"]

1. d4 Nf6 2. c4 e6 3. g3 d5 4. Bg2 Bb4+ 5. Bd2 Be7 6. Nf3 0-0 7. 0-0 c6 8. Qc2 b6 9. Rd1 Ba6 10. Ne5 Nfd7 11. cxd5 cxd5 12. e4 Nxe5 13. exd5 Be2 14. dxe5 Bxd1 15. Qxd1 exd5 16. Nc3 Nc6 17. Nxd5 Nxe5 18. Bc3 Bd6 19. f4 Ng6 20. f5 Ne5 21. f6 Rc8 22. fxg7 Re8 23. Qh5 Rxc3 24. bxc3 Bc5+ 25. Kh1 Nd3 26. h3 Re5 27. Qf3 Ne1 28. Nf6+ Kxg7 29. Qg4+ Kh8 30. Qf4 Re6 31. Nh5 Kg8 32. Qg4+ 1/2-1/2

[Event "WC-2014-S-00003"]
[Site "LSS email"]
[Date "2014.10.12"]
[Round "?"]
[White "Mason, Ian C"]
[Black "Dziedzina, Michael"]
[Result "1/2-1/2"]
[WhiteElo "2235"]
[BlackElo "2310"]
[PlyCount "63"]
[EventDate "2014.10.15"]
[EventType "tourn (corr)"]
[EventRounds "12"]
[EventCountry "GER"]
[SourceTitle "Corr 2024"]
[Source "ChessBase"]
[SourceDate "2023.10.19"]
[SourceVersion "1"]
[SourceVersionDate "2023.10.19"]
[SourceQuality "1"]

1. d4 Nf6 2. c4 c6 3. Nf3 d5 4. Nc3 dxc4 5. a4 Bf5 6. Ne5 Nbd7 7. Nxc4 Nb6 8. Ne5 a5 9. f3 Nfd7 10. e4 Nxe5 11. exf5 Nec4 12. Qb3 Nd6 13. g4 Nd7 14. Bf4 Qb6 15. Qxb6 Nxb6 16. 0-0-0 e6 17. Bd3 Nd5 18. Bg3 Nb4 19. fxe6 fxe6 20. Rhe1 Kd7 21. Bc2 Be7 22. Re5 Rhf8 23. f4 Nxc2 24. Kxc2 Rae8 25. Kd3 b6 26. Rde1 Bf6 27. R5e3 h5 28. h3 hxg4 29. hxg4 Rh8 30. Ne4 Nxe4 31. Rxe4 g6 32. R1e3 1/2-1/2

[Event "CP-2014-P-00003"]
[Site "LSS email"]
[Date "2014.09.30"]
[Round "?"]
[White "Mason, Ian C"]
[Black "Hlavica, Bretislav"]
[Result "1/2-1/2"]
[WhiteElo "2229"]
[BlackElo "2074"]
[PlyCount "64"]
[EventDate "2014.10.01"]
[EventType "tourn (corr)"]
[EventRounds "6"]
[EventCountry "GER"]
[SourceTitle "Corr 2022"]
[Source "ChessBase"]
[SourceDate "2021.10.24"]
[SourceVersion "1"]
[SourceVersionDate "2021.10.24"]
[SourceQuality "1"]

1. d4 Nf6 2. c4 g6 3. g3 Bg7 4. Bg2 0-0 5. Nc3 d6 6. Nf3 c5 7. 0-0 Nbd7 8. d5 a6 9. a4 Ng4 10. h3 Nge5 11. Nd2 b5 12. cxb5 axb5 13. Nxb5 Nb6 14. Qc2 Bd7 15. Nc3 Qc8 16. Kh2 Qa6 17. b3 Bf5 18. Nde4 e6 19. Qd2 Nxd5 20. Nxd5 exd5 21. Qxd5 Qxe2 22. Nxd6 Be6 23. Qe4 Qa6 24. Nb5 Bf5 25. Qe3 Rac8 26. Bb2 Rfe8 27. Bxe5 Rxe5 28. Qd2 Be6 29. Rab1 c4 30. bxc4 Bxc4 31. Rfc1 Re2 32. Qf4 Be5 1/2-1/2

[Event "CP-2014-P-00003"]
[Site "LSS email"]
[Date "2014.09.30"]
[Round "?"]
[White "Mason, Ian C"]
[Black "Kazimierski, Tomasz"]
[Result "1/2-1/2"]
[WhiteElo "2229"]
[BlackElo "2047"]
[PlyCount "75"]
[EventDate "2014.10.01"]
[EventType "tourn (corr)"]
[EventRounds "6"]
[EventCountry "GER"]
[SourceTitle "Corr 2022"]
[Source "ChessBase"]
[SourceDate "2021.10.24"]
[SourceVersion "1"]
[SourceVersionDate "2021.10.24"]
[SourceQuality "1"]

1. d4 Nf6 2. c4 e6 3. g3 Bb4+ 4. Bd2 Be7 5. Bg2 0-0 6. Nf3 c6 7. 0-0 d5 8. Qc2 b6 9. Rd1 Ba6 10. b3 Nbd7 11. a4 Qc8 12. a5 Rd8 13. Bf4 h6 14. Nbd2 c5 15. Rac1 Bb7 16. Qb2 bxa5 17. Qa1 g5 18. Be5 Ng4 19. Qxa5 Ngxe5 20. Nxe5 Nxe5 21. dxe5 d4 22. Bf3 Qb8 23. Re1 a6 24. Ra1 Rd7 25. Qa4 Qc7 26. h3 Kg7 27. Bxb7 Qxb7 28. Qa3 Qb8 29. Nf3 a5 30. Reb1 Rb7 31. Qa2 a4 32. bxa4 Rxa4 33. Qxa4 Rxb1+ 34. Rxb1 Qxb1+ 35. Kg2 d3 36. exd3 Qxd3 37. Qe8 Bf8 38. Qb5 1/2-1/2

[Event "CP-2014-P-00003"]
[Site "LSS email"]
[Date "2014.09.30"]
[Round "?"]
[White "Mason, Ian C"]
[Black "Kraujunas, Vladas"]
[Result "1-0"]
[WhiteElo "2229"]
[BlackElo "1700"]
[PlyCount "81"]
[EventDate "2014.10.01"]
[EventType "tourn (corr)"]
[EventRounds "6"]
[EventCountry "GER"]
[SourceTitle "Corr 2022"]
[Source "ChessBase"]
[SourceDate "2021.10.24"]
[SourceVersion "1"]
[SourceVersionDate "2021.10.24"]
[SourceQuality "1"]

1. d4 d5 2. c4 e6 3. Nf3 Nf6 4. g3 Bb4+ 5. Bd2 Be7 6. Bg2 0-0 7. 0-0 c6 8. Qc2 b6 9. Rd1 Nbd7 10. Bf4 Bb7 11. Ne5 Nh5 12. Bd2 g6 13. cxd5 cxd5 14. Nc6 Bxc6 15. Qxc6 Ng7 16. e4 dxe4 17. Qxe4 Rc8 18. Nc3 Nf5 19. Bf4 Bd6 20. Bxd6 Nxd6 21. Qf4 Nc4 22. Nb5 a6 23. Na7 Nxb2 24. Rdb1 Rc2 25. Be4 Nd3 26. Qe3 Qf6 27. Nc6 Rc8 28. Rf1 Rc3 29. Qd2 R3xc6 30. Bxc6 Rxc6 31. Qxd3 b5 32. a4 Rd6 33. Rfd1 Rd5 34. axb5 axb5 35. Rab1 Nc5 36. dxc5 Rxd3 37. Rxd3 Qe5 38. Rc1 Qc7 39. c6 b4 40. Rd7 Qc8 41. c7 1-0

[Event "CP-2014-P-00003"]
[Site "LSS email"]
[Date "2014.09.30"]
[Round "?"]
[White "Salzmann, Stefan"]
[Black "Mason, Ian C"]
[Result "1-0"]
[WhiteElo "2264"]
[BlackElo "2229"]
[PlyCount "73"]
[EventDate "2014.10.01"]
[EventType "tourn (corr)"]
[EventRounds "6"]
[EventCountry "GER"]
[SourceTitle "Corr 2022"]
[Source "ChessBase"]
[SourceDate "2021.10.24"]
[SourceVersion "1"]
[SourceVersionDate "2021.10.24"]
[SourceQuality "1"]

1. d4 Nf6 2. Nf3 e6 3. c4 d5 4. Nc3 c6 5. e3 Nbd7 6. Qc2 Bd6 7. Bd3 0-0 8. 0-0 dxc4 9. Bxc4 b5 10. Be2 Bb7 11. e4 e5 12. dxe5 Nxe5 13. Nd4 Ng6 14. Nf5 Be5 15. f4 Bd4+ 16. Nxd4 Qxd4+ 17. Rf2 b4 18. e5 Nd5 19. Nxd5 cxd5 20. Qb3 a5 21. Qe3 Qe4 22. Bd2 Qc2 23. Bd3 Qxb2 24. Re1 Ba6 25. Bxa6 Rxa6 26. f5 Nh8 27. Qc5 Qa3 28. Qxd5 Qa4 29. h4 Qc6 30. Qd3 Qc8 31. h5 Rd8 32. Qg3 Qd7 33. f6 g6 34. Qg5 Qe8 35. hxg6 fxg6 36. Qh6 Rd7 37. Bg5 1-0

[Event "CP-2014-P-00003"]
[Site "LSS email"]
[Date "2014.09.30"]
[Round "?"]
[White "Urbaniak, Marcin"]
[Black "Mason, Ian C"]
[Result "0-1"]
[WhiteElo "2069"]
[BlackElo "2229"]
[PlyCount "92"]
[EventDate "2014.10.01"]
[EventType "tourn (corr)"]
[EventRounds "6"]
[EventCountry "GER"]
[SourceTitle "Corr 2022"]
[Source "ChessBase"]
[SourceDate "2021.10.24"]
[SourceVersion "1"]
[SourceVersionDate "2021.10.24"]
[SourceQuality "1"]

1. e4 c5 2. Nf3 d6 3. d4 cxd4 4. Nxd4 Nf6 5. Nc3 a6 6. Be2 e5 7. Nb3 Be7 8. 0-0 0-0 9. Be3 Be6 10. Qd3 Nbd7 11. Nd5 Bxd5 12. exd5 Ne8 13. Qd2 f5 14. f4 Nef6 15. Qb4 b5 16. Na5 Nxd5 17. Qb3 N7f6 18. fxe5 dxe5 19. Nc6 Qe8 20. Nxe7+ Qxe7 21. Rxf5 Kh8 22. Raf1 Rac8 23. Bg5 Qc5+ 24. Kh1 h6 25. Bh4 Ne3 26. Rxf6 Nxf1 27. Rxf1 Rxf1+ 28. Bxf1 Qxc2 29. Qa3 Qf5 30. Kg1 Rc1 31. Bf2 Ra1 32. Qc5 Kh7 33. Qe3 Rxa2 34. Qc1 e4 35. g3 Qe5 36. Bg2 a5 37. h4 Ra4 38. Qe3 Kg8 39. b3 Ra1+ 40. Kh2 Ra2 41. Be1 a4 42. bxa4 bxa4 43. Kg1 Rc2 44. Bxe4 Qc5 45. Qxc5 Rxc5 46. Bb4 Rb5 0-1

[Event "BI-2014-P-0000"]
[Site "LSS email"]
[Date "2014.04.19"]
[Round "?"]
[White "Martindale, Roger"]
[Black "Mason, Ian C"]
[Result "0-1"]
[WhiteElo "829"]
[BlackElo "2230"]
[PlyCount "54"]
[EventDate "2014.04.25"]
[EventType "tourn (corr)"]
[EventRounds "10"]
[EventCountry "GER"]
[SourceTitle "Corr 2022"]
[Source "ChessBase"]
[SourceDate "2021.10.24"]
[SourceVersion "1"]
[SourceVersionDate "2021.10.24"]
[SourceQuality "1"]

1. e4 c5 2. c4 Nc6 3. Nf3 g6 4. h3 Bg7 5. d3 d6 6. Nc3 Nf6 7. Be2 0-0 8. a3 a6 9. 0-0 Rb8 10. Be3 b5 11. Qb3 bxc4 12. Qa4 Rxb2 13. Qxc6 Qa5 14. Bd2 Rxd2 15. Rfe1 Rb2 16. Qa4 Qxc3 17. Qxc4 Qxc4 18. dxc4 Nxe4 19. g4 f5 20. g5 Rxe2 21. Rxe2 Bxa1 22. Re1 Bc3 23. Rb1 Be6 24. Rb6 Bxc4 25. Rb7 Kf7 26. a4 Be2 27. Kg2 Bxf3+ 0-1

[Event "BI-2014-P-0000"]
[Site "LSS email"]
[Date "2014.04.19"]
[Round "?"]
[White "Mason, Ian C"]
[Black "Wilshusen, Horst"]
[Result "1-0"]
[WhiteElo "2230"]
[BlackElo "1444"]
[PlyCount "65"]
[EventDate "2014.04.25"]
[EventType "tourn (corr)"]
[EventRounds "10"]
[EventCountry "GER"]
[SourceTitle "Corr 2022"]
[Source "ChessBase"]
[SourceDate "2021.10.24"]
[SourceVersion "1"]
[SourceVersionDate "2021.10.24"]
[SourceQuality "1"]

1. d4 Nf6 2. c4 e6 3. g3 Bb4+ 4. Bd2 Qe7 5. Bg2 Nc6 6. e3 0-0 7. Ne2 Bxd2+ 8. Qxd2 d5 9. cxd5 exd5 10. Nbc3 Be6 11. 0-0 Nd8 12. Nf4 c6 13. Rfe1 Bf5 14. f3 Qc7 15. e4 dxe4 16. fxe4 Bg4 17. h3 Be6 18. Rad1 a5 19. e5 Nd5 20. Bxd5 cxd5 21. Ncxd5 Bxd5 22. Nxd5 Qb8 23. Nb6 Ra6 24. Nd7 Qc8 25. Nxf8 Kxf8 26. Kh2 Rh6 27. h4 Qg4 28. Qxa5 Ne6 29. Qa8+ Ke7 30. Qxb7+ Ke8 31. Qb5+ Ke7 32. d5 Ng5 33. d6+ 1-0

[Event "BI-2013-F-0003"]
[Site "LSS email"]
[Date "2014.02.21"]
[Round "?"]
[White "Krueger, Hilmar"]
[Black "Mason, Ian C"]
[Result "1/2-1/2"]
[WhiteElo "2155"]
[BlackElo "2143"]
[PlyCount "52"]
[EventDate "2014.02.27"]
[EventType "tourn (corr)"]
[EventRounds "10"]
[EventCountry "GER"]
[SourceTitle "Corr 2015"]
[Source "ChessBase"]
[SourceDate "2015.07.17"]
[SourceVersion "1"]
[SourceVersionDate "2015.07.17"]
[SourceQuality "1"]

1. e4 e6 2. d4 d5 3. Nd2 Nf6 4. e5 Nfd7 5. Bd3 c5 6. c3 Nc6 7. Ne2 cxd4 8. cxd4 f6 9. exf6 Nxf6 10. Nf3 Bd6 11. 0-0 Qc7 12. h3 0-0 13. Be3 Bd7 14. Rc1 a6 15. Re1 Rac8 16. a3 Qb8 17. Nc3 b5 18. Bb1 b4 19. axb4 Qxb4 20. Bd3 Qxb2 21. Bxa6 Rb8 22. Bd3 Nb4 23. Ne5 Nxd3 24. Qxd3 Qb7 25. Qe2 Rbc8 26. Rb1 Qa7 1/2-1/2

[Event "BI-2013-F-0003"]
[Site "LSS email"]
[Date "2014.02.21"]
[Round "?"]
[White "Mason, Ian C"]
[Black "Gudok, Viktor V"]
[Result "1/2-1/2"]
[WhiteElo "2143"]
[BlackElo "1877"]
[PlyCount "99"]
[EventDate "2014.02.27"]
[EventType "tourn (corr)"]
[EventRounds "10"]
[EventCountry "GER"]
[SourceTitle "Corr 2015"]
[Source "ChessBase"]
[SourceDate "2015.07.17"]
[SourceVersion "1"]
[SourceVersionDate "2015.07.17"]
[SourceQuality "1"]

1. d4 Nf6 2. c4 g6 3. g3 Bg7 4. Bg2 d6 5. Nc3 0-0 6. Nf3 Nc6 7. 0-0 a6 8. h3 Rb8 9. e4 b5 10. d5 Na5 11. cxb5 axb5 12. b4 Nc4 13. Nd4 Bd7 14. a4 bxa4 15. b5 Nb6 16. Qd3 Qe8 17. Nc6 Ra8 18. Re1 e6 19. Be3 a3 20. Bd4 h5 21. Re2 h4 22. g4 Nh7 23. Bxg7 Kxg7 24. e5 Bxc6 25. exd6 Bb7 26. Qd4+ Kg8 27. dxc7 Nxd5 28. Nxd5 Bxd5 29. Bxd5 Qd7 30. b6 exd5 31. b7 Ng5 32. Re3 Qxc7 33. bxa8Q Rxa8 34. Qxd5 Ra5 35. Qd2 Qb6 36. Raxa3 Rxa3 37. Rxa3 Qb1+ 38. Kg2 Qb7+ 39. f3 Qb8 40. Qf2 Ne6 41. Kh1 Nf8 42. Qe1 Ne6 43. Ra4 Qb7 44. Re4 g5 45. Qc3 Kh7 46. Qe5 Qd7 47. Qf5+ Kg7 48. Re1 Qd8 49. Qe5+ Kh7 50. Qe4+ 1/2-1/2

[Event "WC-2014-S-00004"]
[Site "LSS email"]
[Date "2014.01.13"]
[Round "?"]
[White "Bubir, Alex"]
[Black "Mason, Ian C"]
[Result "1/2-1/2"]
[WhiteElo "2501"]
[BlackElo "2236"]
[PlyCount "110"]
[EventDate "2018.02.10"]
[EventType "tourn (corr)"]
[EventRounds "12"]
[EventCountry "GER"]
[SourceTitle "Corr 2022"]
[Source "ChessBase"]
[SourceDate "2021.10.24"]
[SourceVersion "1"]
[SourceVersionDate "2021.10.24"]
[SourceQuality "1"]

1. d4 Nf6 2. c4 e6 3. Nc3 Bb4 4. e3 0-0 5. Bd3 d5 6. Nf3 c5 7. 0-0 Nc6 8. a3 Ba5 9. cxd5 exd5 10. dxc5 Bxc3 11. bxc3 Bg4 12. c4 Ne5 13. cxd5 Bxf3 14. gxf3 Nxd5 15. f4 Nxd3 16. Qxd3 Qf6 17. Ra2 Rfd8 18. Bb2 Qc6 19. Qe4 Qxc5 20. Rc1 Qd6 21. Rd1 Rd7 22. Be5 Qg6+ 23. Qxg6 hxg6 24. Rad2 Rad8 25. Bc3 f6 26. Kf1 Kf7 27. e4 Nb6 28. Rxd7+ Rxd7 29. Rxd7+ Nxd7 30. Ke2 Ke6 31. Ke3 Nb8 32. Kd4 b6 33. Kc4 Nd7 34. Bb4 f5 35. f3 Nf6 36. Kd3 Nh5 37. Ke3 Nf6 38. Kd4 Nh5 39. Bd2 Nf6 40. a4 Nd7 41. Bb4 Nf6 42. Be1 Nd7 43. Bc3 Nf6 44. Kd3 Nh5 45. Ke3 Nf6 46. Ba1 Nh5 47. Bc3 Nf6 48. Bb2 Nh5 49. Ba3 Nf6 50. Kd4 Nh5 51. Bc1 Nf6 52. Bd2 Nd7 53. Be1 Nf6 54. Bf2 Nh5 55. Be3 Nf6 1/2-1/2

[Event "WC-2014-S-00004"]
[Site "LSS email"]
[Date "2014.01.13"]
[Round "?"]
[White "Mason, Ian C"]
[Black "Bubir, Alex"]
[Result "1/2-1/2"]
[WhiteElo "2236"]
[BlackElo "2501"]
[PlyCount "69"]
[EventDate "2018.02.10"]
[EventType "tourn (corr)"]
[EventRounds "12"]
[EventCountry "GER"]
[SourceTitle "Corr 2022"]
[Source "ChessBase"]
[SourceDate "2021.10.24"]
[SourceVersion "1"]
[SourceVersionDate "2021.10.24"]
[SourceQuality "1"]

1. d4 Nf6 2. c4 g6 3. g3 Bg7 4. Bg2 d6 5. Nc3 Nbd7 6. Nf3 0-0 7. 0-0 e5 8. e4 c6 9. h3 Qb6 10. Re1 exd4 11. Nxd4 Ng4 12. Nce2 Nge5 13. b3 Nc5 14. Be3 a5 15. Rb1 Re8 16. Rf1 Qc7 17. Qc2 Qe7 18. Rbd1 a4 19. b4 Na6 20. a3 c5 21. bxc5 dxc5 22. Nb5 Be6 23. Rd5 b6 24. Nf4 Nc7 25. Nxc7 Qxc7 26. Nxe6 fxe6 27. Rd2 Nc6 28. e5 Bxe5 29. Rfd1 Bd4 30. Bxd4 Nxd4 31. Rxd4 cxd4 32. Bxa8 Rxa8 33. Rxd4 Qe5 34. Rd1 Qf6 35. Qe2 1/2-1/2

[Event "WC-2014-S-00004"]
[Site "LSS email"]
[Date "2014.01.13"]
[Round "?"]
[White "Mason, Ian C"]
[Black "Pannekoek, Willem Jan"]
[Result "1/2-1/2"]
[WhiteElo "2236"]
[BlackElo "2435"]
[PlyCount "79"]
[EventDate "2018.02.10"]
[EventType "tourn (corr)"]
[EventRounds "12"]
[EventCountry "GER"]
[SourceTitle "Corr 2022"]
[Source "ChessBase"]
[SourceDate "2021.10.24"]
[SourceVersion "1"]
[SourceVersionDate "2021.10.24"]
[SourceQuality "1"]

1. d4 d5 2. c4 c6 3. Nf3 Nf6 4. e3 e6 5. b3 c5 6. Bb2 cxd4 7. exd4 b6 8. Bd3 Bb7 9. 0-0 Bd6 10. Nc3 0-0 11. Re1 Nbd7 12. Ne5 Rc8 13. Rc1 dxc4 14. bxc4 a6 15. Re3 g6 16. f4 Be7 17. Be2 b5 18. cxb5 axb5 19. Nxb5 Nd5 20. Rxc8 Qxc8 21. Rf3 N7b6 22. Qb3 Qa8 23. Ba3 Qa5 24. Bf1 Nb4 25. Rf2 N6d5 26. Bc4 Kg7 27. Nc3 Ba8 28. Nxd5 Nxd5 29. Bxe7 Nxe7 30. Qb2 Bd5 31. Bxd5 Nxd5 32. h3 Qa7 33. Kh2 Ra8 34. Nd3 Qc7 35. Rc2 Qe7 36. Rc5 Qa7 37. Rc2 Rb8 38. Qa1 Qa3 39. Qd1 Qd6 40. Qc1 1/2-1/2

[Event "WC-2014-S-00004"]
[Site "LSS email"]
[Date "2014.01.13"]
[Round "?"]
[White "Nemchenko, Valery"]
[Black "Mason, Ian C"]
[Result "1-0"]
[WhiteElo "2475"]
[BlackElo "2236"]
[PlyCount "97"]
[EventDate "2018.02.10"]
[EventType "tourn (corr)"]
[EventRounds "12"]
[EventCountry "GER"]
[SourceTitle "Corr 2022"]
[Source "ChessBase"]
[SourceDate "2021.10.24"]
[SourceVersion "1"]
[SourceVersionDate "2021.10.24"]
[SourceQuality "1"]

1. e4 e6 2. d4 d5 3. Nc3 Nf6 4. Bg5 dxe4 5. Nxe4 Nbd7 6. Nf3 h6 7. Nxf6+ Nxf6 8. Be3 Nd5 9. Bd2 c5 10. Ne5 a6 11. c3 Bd6 12. Qa4+ Ke7 13. Be2 Qc7 14. 0-0 b5 15. Qd1 Bb7 16. c4 bxc4 17. Bxc4 cxd4 18. Rc1 Qb8 19. f4 Nf6 20. Be1 Rc8 21. Bf2 Kf8 22. Bxd4 Be4 23. Re1 Kg8 24. Ng4 Bg6 25. Nxf6+ gxf6 26. Bxf6 Bxf4 27. Rc3 Qxb2 28. Bd5 Rxc3 29. Bxa8 Bd2 30. Bxc3 Bxc3 31. Re2 Qb4 32. Kh1 Qf4 33. g3 Qc4 34. Rg2 Bd4 35. h4 Kg7 36. Qe2 Qc8 37. Be4 f5 38. Bc2 Be8 39. Kh2 Bb5 40. Qe1 Bc6 41. Rd2 Qd7 42. Bb3 e5 43. Rc2 Be4 44. Rc1 Kg6 45. Qb4 f4 46. gxf4 Qf5 47. Qd6+ Qf6 48. f5+ Bxf5 49. Rc6 1-0

[Event "CP-2010-S-00005"]
[Site "LSS email"]
[Date "2013.05.01"]
[Round "?"]
[White "Mason, Ian C"]
[Black "Ghyssens, Dirk"]
[Result "1/2-1/2"]
[WhiteElo "2144"]
[BlackElo "2235"]
[PlyCount "53"]
[EventDate "2013.05.05"]
[EventType "tourn (corr)"]
[EventRounds "7"]
[EventCountry "GER"]
[SourceTitle "Telechess CBM 163"]
[Source "ChessBase"]
[SourceDate "2014.11.11"]
[SourceVersion "2"]
[SourceVersionDate "2014.11.11"]
[SourceQuality "1"]

1. d4 d5 2. Nf3 Nf6 3. e3 c5 4. c3 Nc6 5. dxc5 a5 6. Bb5 e6 7. b4 Bd7 8. Qb3 Qc7 9. 0-0 e5 10. e4 Nxe4 11. Qxd5 Nf6 12. Qb3 Be7 13. Nbd2 e4 14. Bxc6 bxc6 15. Ng5 0-0 16. Ngxe4 axb4 17. cxb4 Be6 18. Qc2 Rfb8 19. a3 Rxb4 20. axb4 Rxa1 21. Nxf6+ Bxf6 22. Ne4 Qe5 23. Nxf6+ Qxf6 24. Qb2 Qxb2 25. Bxb2 Rxf1+ 26. Kxf1 Bc4+ 27. Ke1 1/2-1/2